Signal processing and linear systems (Record no. 1319)

000 -LEADER
fixed length control field 00543nam a2200205 a 4500
001 - CONTROL NUMBER
control field 1319
003 - CONTROL NUMBER IDENTIFIER
control field BD-DhUET
008 - FIXED-LENGTH DATA ELEMENTS--GENERAL INFORMATION
fixed length control field 980109s1998 caua b 001 0 eng
020 ## - INTERNATIONAL STANDARD BOOK NUMBER
International Standard Book Number 0941413357
040 ## - CATALOGING SOURCE
Original cataloging agency DLC
Transcribing agency DLC
Modifying agency BD-DhUET
082 00 - DEWEY DECIMAL CLASSIFICATION NUMBER
Classification number 623.22
Item number LAT/1998
100 ## - MAIN ENTRY--PERSONAL NAME
Personal name Lathi B. P.
245 10 - TITLE STATEMENT
Title Signal processing and linear systems
250 ## - EDITION STATEMENT
Edition statement 1st ed
260 ## - PUBLICATION, DISTRIBUTION, ETC. (IMPRINT)
Place of publication, distribution, etc. New York
Name of publisher, distributor, etc. Oxford University Press
Date of publication, distribution, etc. 1998
300 ## - PHYSICAL DESCRIPTION
Extent x, 850 p.
Other physical details ill.
Dimensions 24 cm.
504 ## - BIBLIOGRAPHY, ETC. NOTE
Bibliography, etc Includes bibliographies
650 #0 - SUBJECT ADDED ENTRY--TOPICAL TERM
Topical term or geographic name as entry element Digital signal processing
942 ## - ADDED ENTRY ELEMENTS (KOHA)
Koha item type General Book
Holdings
Koha issues (times borrowed) Copy number Not for loan Koha full call number Damaged status Date acquired Koha item type Shelving location Koha normalized classification for sorting Piece designation (barcode) Source of classification or shelving scheme Sublocation or collection (holding branch) Koha date last borrowed Price effective from Location (home branch) Koha renewals Koha date last seen Lost status Withdrawn status
 1 623.22/LAT/1998 2014-09-03General BookCirculation section623_000000000000000_22LAT1998103856 Central Library, BUET 2014-09-03Central Library, BUET22019-09-14  
 2 623.22/LAT/1998 2014-09-03General BookCirculation section623_000000000000000_22LAT1998103857 Central Library, BUET 2014-09-03Central Library, BUET 2014-09-03  
13 623.22/LAT/1998 2014-09-03General BookCirculation section623_220000000000000_LAT_1998103859 Central Library, BUET2015-06-132014-09-03Central Library, BUET 2017-08-19  
14 623.22/LAT/1998 2014-09-03General BookCirculation section623_000000000000000_22LAT1998103860 Central Library, BUET2015-10-202014-09-03Central Library, BUET 2017-01-08  
15 623.22/LAT/1998 2014-09-03General BookCirculation section623_000000000000000_22LAT1998103863 Central Library, BUET2015-05-252014-09-03Central Library, BUET 2017-04-11  
16 623.22/LAT/1998 2014-09-03General BookCirculation section623_000000000000000_22LAT1998103864 Central Library, BUET2015-05-252014-09-03Central Library, BUET 2017-06-13  
 7 623.22/LAT/1998 2014-09-03General BookCirculation section623_000000000000000_22LAT1998103865 Central Library, BUET 2014-09-03Central Library, BUET 2017-08-20  
 8 623.22/LAT/1998 2014-11-18General BookCirculation section623_000000000000000_22LAT1998103858 Central Library, BUET 2014-11-18Central Library, BUET 2017-10-10  
19 623.22 LAT/1998 2014-12-02General BookCirculation section623_220000000000000_LAT1998103861 Central Library, BUET2017-04-182014-12-02Central Library, BUET 2017-05-31  
 10 623.22/LAT/1998 2015-06-03General BookCirculation section623_220000000000000_LAT_1998100035 Central Library, BUET 2015-06-03Central Library, BUET22017-02-06  
211 623.22/LAT/1998 2007-05-28General BookCirculation section623_220000000000000_LAT_1998103862 Central Library, BUET2025-09-072017-10-31Central Library, BUET 2025-09-17